Kadambari / (Record no. 152361)

MARC details
000 -LEADER
fixed length control field 00550nam a22001817a 4500
020 ## - INTERNATIONAL STANDARD BOOK NUMBER
International Standard Book Number 8182200180
Terms of availability 0.00
035 ## - SYSTEM CONTROL NUMBER
System control number B-160786
037 ## - SOURCE OF ACQUISITION
Stock number DPL
082 ## - DEWEY DECIMAL CLASSIFICATION NUMBER
Classification number 811.08
100 ## - MAIN ENTRY--PERSONAL NAME
Personal name Banabhatta
245 ## - TITLE STATEMENT
Title Kadambari /
Statement of responsibility, etc by Banabhatta [edited] by S. N. Tiwari
260 ## - PUBLICATION, DISTRIBUTION, ETC. (IMPRINT)
Place of publication, distribution, etc Delhi
Name of publisher, distributor, etc Global Vision
Date of publication, distribution, etc 2004
270 ## - ADDRESS
Address 19A/E, GTB Enclave
City Delhi
Postal code 110093
300 ## - PHYSICAL DESCRIPTION
Extent v,136p.
Dimensions 21cm(Hb)
490 ## - SERIES STATEMENT
Series statement Global Sanskrit Literature Series in English-11
500 ## - GENERAL NOTE
General note Translated by S. K. Chaturvedi
942 ## - ADDED ENTRY ELEMENTS (KOHA)
Source of classification or shelving scheme Dewey Decimal Classification
Item type English Books
Call number suffix BAN
Classification part 811.08
Holdings
Withdrawn status Lost status Not for loan Collection code Home library Current library Date acquired Source of acquisition Cost, normal purchase price Full call number Barcode Cost, replacement price Koha item type
      Non-fiction Shahdara Branch Shahdara Branch 29/05/2018 BPPD/PUB 0.00 811.08 BAN B-160786 0.00 English Books

© Delhi Public Library
Hit Counter
free hit counter